La música de Paul / (Record no. 143155)

MARC details
000 -CABECERA
campo de control de longitud fija 00554nam a2200193 a 4500
005 - FECHA Y HORA DE LA ÚLTIMA TRANSACCIÓN
campo de control 20240910064110.0
008 - ELEMENTOS DE LONGITUD FIJA--INFORMACIÓN GENERAL
campo de control de longitud fija 090608s2004 cr r 000 0 spa d
020 ## - NÚMERO INTERNACIONAL NORMALIZADO PARA LIBROS
Número Internacional Estándar del Libro 9968151386
035 ## - NÚMERO DE CONTROL DEL SISTEMA
Número de control de sistema UPN01000171050
049 ## - COLECCIÓN
Colección I
050 #4 - SIGNATURA TOPOGRÁFICA DE LA BIBLIOTECA DEL CONGRESO
Número de clasificación PZ71.1
Número de documento/Ítem R5.5
100 1# - ASIENTO PRINCIPAL--NOMBRE PERSONAL
Nombre de persona Ríos, Lara,
Fechas asociadas al nombre 1934-
9 (RLIN) 30133
245 13 - MENCIÓN DE TÍTULO
Título La música de Paul /
Mención de responsabilidad, etc. Lara Ríos ; il. Vicky Ramos.
260 ## - PUBLICACIÓN, DISTRIBUCIÓN, ETC.
Lugar de publicación, distribución, etc. San José, C.R. :
Nombre del editor, distribuidor, etc. Farben,
Fecha de publicación, distribución, etc. c2004.
300 ## - DESCRIPCIÓN FÍSICA
Extensión 69 p. :
Otras características físicas il. col.
650 #7 - ASIENTO SECUNDARIO DE MATERIA - TERMINO TEMATICO
Término de materia o nombre geográfico como elemento de entrada Amistad
Fuente del encabezamiento o término
9 (RLIN) 4317
650 #4 - ASIENTO SECUNDARIO DE MATERIA - TERMINO TEMATICO
Término de materia o nombre geográfico como elemento de entrada LITERATURA INFANTIL COSTARRICENSE
9 (RLIN) 11945
905 ## - TIPO DE MATERIAL
Tipo de material Infantil
Holdings
Estado de retiro Estado de pérdida Fuente del sistema de clasificación o colocación Estado dañado No para préstamo Código de colección Localización permanente Ubicación/localización actual Ubicación en estantería Fecha de adquisición Clasificación Código de barras Fecha visto por última vez Número de copia Tipo de ítem Koha
    Library of Congress Classification     Infantil Bib. Gregorio Torres Quintero Bib. Gregorio Torres Quintero Sala infantil Planta baja 10/05/2023 PZ71.1 R5.5 263248 31/12/2020 1 Libro